Lista de la Selección Española para la Copa del Mundo de 2022 - Estadísticas

Estadísticas generales
  • Esta prueba ha sido intentada 291 veces
  • La puntuación promedio es 19 de 27
Estadísticas de respuestas
Posición Respuesta % Correcto
Portero Unai Simon
97%
Centrocampista Pedri
94%
Delantero Alvaro Morata
93%
Centrocampista Gavi
93%
Defensa Dani Carvajal
86%
Centrocampista Sergio Busquets
86%
Seleccionador Luis Enrique
84%
Defensa Jordi Alba
83%
Portero David Raya
82%
Defensa Aymeric Laporte
81%
Delantero Ferran Torres
79%
Delantero Ansu Fati
71%
Delantero Dani Olmo
70%
Delantero Nico Williams
69%
Portero Robert Sanchez
69%
Defensa Eric Garcia
67%
Defensa Pau Torres
67%
Delantero Marco Asensio
60%
Delantero Pablo Sarabia
60%
Defensa Cesar Azpilicueta
59%
Defensa Jose Gaya
59%
Centrocampista Marcos Llorente
56%
Centrocampista Carlos Soler
54%
Defensa Hugo Guillamon
50%
Centrocampista Rodri Hernandez
47%
Delantero Yeremy Pino
38%
Centrocampista Koke Resurreccion
34%
No se encontraron pruebas coincidentes
Distribución de puntuación
Porcentaje de gente con cada puntuación
Porcentaje por número respondido
Historial de tus puntuaciones
No has intentado esta prueba.